| 000 | 00952 a2200265 4500 | ||
|---|---|---|---|
| 003 | CBULib | ||
| 005 | 20240201080438.0 | ||
| 008 | 240125b |||||||| |||| 00| 0 eng d | ||
| 040 |
_aCBULib _bEnglish _cCBULib _erda |
||
| 041 | _aeng | ||
| 050 | _aCBU-PHD THESIS/LUC | ||
| 100 |
_aLuchembe, Dennis _92429 |
||
| 245 |
_aAnalysing feedback and feedforward in an introductory physics class learning circular and rotational motion via practical work and computer simulations _c/ by Dennis Luchembe |
||
| 260 |
_bCopperbelt University, _c2020. _aKitwe : |
||
| 300 | _axvi, 311 pages : illustrations | ||
| 336 |
_2rdacontent _aText | _btxt |
||
| 337 |
_2rdamedia _aUnmediated | _bn |
||
| 338 |
_2rdacarrier _aVolume _bnc |
||
| 500 | _aincludes bibliographical references and appendices | ||
| 650 | 0 |
_9121 _aPHYSICS |
|
| 650 | 0 |
_91737 _aCOMPUTER SIMULATIONS |
|
| 650 | 0 |
_92430 _aCIRCULAR MOTION |
|
| 650 | 0 |
_92431 _aROTATIONAL MOTION |
|
| 942 |
_2lcc _c030 |
||
| 999 |
_c84100 _d84100 |
||